Регионална библиотека "Любен Каравелов" - Русе

Методично ръководство за решаване на задачи по строителна статика (Запис номер 59927)

MARC детайли
000 -Лидер
Контролно поле с фиксирана дължина nam a22 a 4500
003 - Код на организацията, давaща контролен номер
Контролно поле BLK
005 - Дата и час на последна редакция
Контролно поле 20221019170400.0
008 - Елементи от данни с фиксирана дължина
fixed length control field 180408b bul|||||r ||||||| ||bul||
040 ## - Източник на каталожния запис
Идентификатор на билиотеката - собственик на записа BLK
041 ## - Код за език
Код за езика на текст/звукозапис или на отделно заглавие Български
Код за езика КДБФ Български
080 ## - УДК
Текстов определител УДК Строителна механика. Методи за изчисляване на строителните конструкции
УДК код - определител по УДК 624.04
УДК определител (075.8)
УДК - код + определител 624.04(075.8)
100 1# - Редна дума - Автор
Автор Карамански, Тодор Димитров
Авторска отговорност първи автор
R(LIN) 289414
139 ## - Редно поле
Редна дума Карамански, Тодор Димитров и др.
245 10 - Сведения за заглавието
Заглавие Методично ръководство за решаване на задачи по строителна статика
Подзаглавни данни За студентите от ВИСИ
Редно поле (дума) Тодор Д. Карамански, Рангел П. Рангелов.
250 ## - Област на изданието
Сведения за изданието 4. изд.
257 ## - Страна на издаване
Страна на създаване/издаване България
260 ## - Област на издателските данни
Място на издаване, разпространение и проч. София
Име на издателя, разпространителя и проч. Техника
Година на издаване 1976
300 ## - Физическа характеристика
Страници 528 с.
Илюстрации и др. с черт.
Размери/Мащаб 24 см
380 ## - Жанр
Жанр Техника
500 ## - Общи забележки
Забележка 1. изд. 1959. - Библиогр. с. 522. - Прил. Приложения към методично ръководство за решаване на задачи по строителна статистика. - 39 с. : с черт., табл.
530 ## - Забележка за наличие на допълнителен носител
Забележка за наличие на допълнителен носител Приложение към Методично ръководство за решаване на задачи по строителна статика
650 #4 - Допълнително описание по предмет – тема
Основно описание – тема или топоним Статистика, строителна
9 (RLIN) 289416
653 #7 - Ключова дума – ненормативна
9 (RLIN) 197606
Ключова дума строителна статика
653 #0 - Ключова дума – ненормативна
9 (RLIN) 467016
Ключова дума методическо ръководство
700 1# - Други автори (авторска отговорност)
Лично име Рангелов, Рангел Петров
Автороска отговорност (Описва отношението между автора и произведението) съавт.
9 (RLIN) 289415
852 ## - Местоположение
Форматна сигнатура Цб 82678
Фондова буква Хранилище
856 4# - Електронен адрес и достъп
Електронен формат pdf - файл
Инструкция (цена за достъп) 0.00
Права за достъп disable
999 ## - СИСТЕМНИ КОНТРОЛНИ НОМЕРА
Koha biblionumber 59927
Koha biblioitemnumber 59927
942 ## - АРТИКУЛИ
Вид на библиотечния материал Книги
Скрит в OPAC Не
Периодичен библиозапис Да
944 ## - СЪЗДАВАНЕ И РЕДАКЦИЯ на ЗАПИСА
Създаване/Редакция Създаване
Дата на регистрацията/редакция 13.06.2004
Служител, извършил регистрацията/редакцията Геновева_Генчева
944 ## - СЪЗДАВАНЕ И РЕДАКЦИЯ на ЗАПИСА
Създаване/Редакция Редакция
Дата на регистрацията/редакция 2022-10-19
999 ## - СИСТЕМНИ КОНТРОЛНИ НОМЕРА
Koha biblioitemnumber 59927
Наличности
Код за отписване Код за изгубен артикул Източник на класификационната схема Код за повреда Коз за рестрикции Код за отдаване Артикулен № Име на библиотеката - собственик Име на библиотеката, в която се намира в момента Статус (Текущо местоположение) Дата на вписване в системата Местоположение - отдел Цена в лева Инвентарен номер Систематично азбучна сигнатура Баркод Номер на екземпляра Цена в евро Служебна бележка Служебен тип на артикула
Изтеглен Не е изгубен Universal Decimal Classification Не е повреден без рестрикции ползва се в читалня 98161 Регионална библиотека "Любен Каравелов" Русе Регионална библиотека "Любен Каравелов" Русе Читалня 1993-01-01 Читалня 2.63 213955 Ч 624.04/К 33 213955 1 1.34 Дата инв: 24.03.2017 Бележки инв: Ч2017 Книги
  Не е изгубен Universal Decimal Classification Не е повреден без рестрикции ползва се в читалня 98162 Регионална библиотека "Любен Каравелов" Русе Регионална библиотека "Любен Каравелов" Русе Хранилище 1976-01-01 Хранилище 2.63 214139 Цб 82678 120000214139 2 1.34 Дост: Dp Вид: Д N: стар фонд Дата: 01.01.1976 Книги
Vip Innovations Ltd, Rousse, Bulgaria 2025